000 00651nam a2200253Ia 4500
005 20260121114056.0
008 008 260114s9999 xx 000 0 eng d
020 _a9780470755662
037 _aEBOOK
040 _aCRL
040 _beng
040 _cCRL
041 _2eng
041 _aeng
084 _qCRL
100 _aEpstein, Samuel David and Seely, T. Daniel Eds.
_9970569
245 0 _aDerivation and explanation in the minimalist program
260 _bWiley
260 _c2002
856 _uhttps://onlinelibrary.wiley.com/doi/book/10.1002/9780470755662
942 _cEBOOK
999 _c1549823
_d1549823